000 00705nam a22002297a 4500
003 UA-OsUOA
001 93646
007 ta
008 20130124b un ||||| |||| 00| 0 ukr d
100 _aВасбренко О.
700 _aСокова М.
090 _a330(477)
_bВ19
942 _cSA
040 _aUA-OsUOA
_bukr
_cUA-OsUOA
_dUA-OsUOA
245 _aОрганізаційно-економічний інструментарій функціонування системи фінансового моніторингу в Україні
300 _aС.52-59
955 _a0
041 _aukr
080 _a330(477)
773 0 _w93642
650 7 _a330 Економіка взагалі
_2UDC
999 _c379890
_d379890